| 000 | 00639nam a22001937a 4500 | ||
|---|---|---|---|
| 999 |
_c164558 _d164558 |
||
| 005 | 20190522164655.0 | ||
| 010 | _aUR-10135 | ||
| 020 |
_c130.00 _a9789387539709 |
||
| 035 | _aU-8690 | ||
| 037 | _bDBAD/PUB | ||
| 082 | _aک | ||
| 100 | _aپر و فيسر صا د ق | ||
| 245 |
_aا يک لفظ کی مو ت _cپر و فيسر صا د ق |
||
| 246 |
_bEk Lafz ki Maut(Urdu) _aby Dr.Ishrat Naheed |
||
| 260 |
_a Delhi _bEducational Publishing House _c2018 ء |
||
| 270 |
_a3191،Vakil Street,Kucha Pandit,Lal Kuan, _bDelhi _e110006 _k23216162 _l00911123211540 |
||
| 300 |
_a108ص _c22 Cm.(bk) |
||
| 942 |
_2ddc _cUR _hک _mص ا د |
||